El Sindicalismo en América Latina: condiciones y perspectivas /

Gardado en:
Detalles Bibliográficos
Autor Principal: Wachendorfer, Achim
Formato: Texto
Etiquetas: Engadir etiqueta
Sen Etiquetas, Sexa o primeiro en etiquetar este rexistro!

MARC

LEADER 00000 a a2200000 04500
001 3243
003
040
100 |a Wachendorfer, Achim  
245 |a El Sindicalismo en América Latina:   |b condiciones y perspectivas /  |c Achim Wachendorfer 
773 |g número 31; páginas 47-58  
999 |c 37330  |d 37330